Normal view
MARC view
- Severin, Werner J.
Entry Personal Name
001 - CONTROL NUMBER
- control field: 4760
003 - CONTROL NUMBER IDENTIFIER
- control field: OSt
005 - DATE AND TIME OF LATEST TRANSACTION
- control field: 20170515163907.0
008 - FIXED-LENGTH DATA ELEMENTS
- fixed length control field: 170515|| aca||aabn | a|a d
040 ## - CATALOGING SOURCE
- Original cataloging agency: OSt
- Transcribing agency: OSt
100 ## - HEADING--PERSONAL NAME
- Personal name: Severin, Werner J.
- Fuller form of name: (Werner Joseph)
670 ## - SOURCE DATA FOUND
- Source citation: Work cat.: (OSt)0: Severin, Werner J. (Werner Joseph), Teori komunikasi /, 1988

PORTAL AKMAL
E-MEL JKDM
AKMAL2U
G-BAM
u-PUSTAKA